Strategic technology management: (Record no. 5599)

MARC details
000 -LEADER
fixed length control field 00867nam a22002657a 4500
003 - CONTROL NUMBER IDENTIFIER
control field OSt
005 - DATE AND TIME OF LATEST TRANSACTION
control field 20220107122825.0
008 - FIXED-LENGTH DATA ELEMENTS--GENERAL INFORMATION
fixed length control field 170531b xxu||||| |||| 00| 0 eng d
020 ## - INTERNATIONAL STANDARD BOOK NUMBER
International Standard Book Number 9781860949265
040 ## - CATALOGING SOURCE
Transcribing agency IIITMK
082 ## - DEWEY DECIMAL CLASSIFICATION NUMBER
Classification number 658.4012 TES/S
100 ## - MAIN ENTRY--PERSONAL NAME
Personal name Tesar, George (Eds.)
9 (RLIN) 11705
245 ## - TITLE STATEMENT
Title Strategic technology management:
Remainder of title Building bridges between sciences, engineering and business management
Statement of responsibility, etc. George Tesar, Steven W. Anderson, Sibdas Ghosh and Tom Bramorski
250 ## - EDITION STATEMENT
Edition statement 2
260 ## - PUBLICATION, DISTRIBUTION, ETC.
Place of publication, distribution, etc. London,
Name of publisher, distributor, etc. Imperial College Press,
Date of publication, distribution, etc. 2008.
300 ## - PHYSICAL DESCRIPTION
Extent x, 461p.
650 ## - SUBJECT ADDED ENTRY--TOPICAL TERM
Topical term or geographic name entry element MANAGEMENT
9 (RLIN) 11706
650 ## - SUBJECT ADDED ENTRY--TOPICAL TERM
Topical term or geographic name entry element EXECUTIVE MANAGEMENT
9 (RLIN) 11707
650 ## - SUBJECT ADDED ENTRY--TOPICAL TERM
Topical term or geographic name entry element BUSINESS MANAGEMENT
9 (RLIN) 11708
650 ## - SUBJECT ADDED ENTRY--TOPICAL TERM
Topical term or geographic name entry element POLICY MAKING
9 (RLIN) 11709
700 ## - ADDED ENTRY--PERSONAL NAME
Personal name Anderson, Steven W.
9 (RLIN) 11710
700 ## - ADDED ENTRY--PERSONAL NAME
Personal name Ghosh, Sibdas
9 (RLIN) 11711
700 ## - ADDED ENTRY--PERSONAL NAME
Personal name Bramorski, Tom
9 (RLIN) 11712
942 ## - ADDED ENTRY ELEMENTS (KOHA)
Source of classification or shelving scheme Dewey Decimal Classification
Koha item type Books
Holdings
Withdrawn status Lost status Source of classification or shelving scheme Damaged status Not for loan Collection code Home library Current library Shelving location Date acquired Total Checkouts Full call number Barcode Date last seen Price effective from Koha item type
    Dewey Decimal Classification     Strategic Management Kerala University of Digital Sciences, Innovation and Technology Knowledge Centre Kerala University of Digital Sciences, Innovation and Technology Knowledge Centre Management 31/05/2017   658.4012 TES/S 4779 03/12/2020 31/05/2017 Books